[Event "9. Griesheimer Schachtage 2013"]
[Site "?"]
[Date "2013.??.??"]
[Round "1.1"]
[White "Walter, Stefan"]
[Black "Schellen, Sven"]
[Result "1-0"]
[WhiteElo "2330"]
[BlackElo "1802"]
[PlyCount "55"]

{16384kB. PentiumII
} 1. d4 Nf6 2. c4 e6 3. g3 c5 4. d5 exd5 5. cxd5 d6 6. Nf3
g6 7. b3 Bg7 8. Bb2 O-O 9. Bg2 b5 10. O-O Bb7 11. a4 b4 12. Nh4 Re8 13. Qc2 a5
14. e4 Ba6 15. Rd1 Nbd7 16. Nd2 Ne5 17. Bf1 Bxf1 18. Rxf1 Nh5 19. Ng2 Qb6 20.
Ne3 Qa6 21. Rad1 c4 22. Nexc4 Nxc4 23. Nxc4 Bxb2 24. Nxb2 Qa7 25. Nc4 Qd7 26.
Nb6 Qh3 27. Nxa8 Nf4 28. f3 1-0

[Event "9. Griesheimer Schachtage 2013"]
[Site "?"]
[Date "2013.??.??"]
[Round "1.2"]
[White "Reichel, Rolf"]
[Black "Gramlich, Sebastian"]
[Result "0-1"]
[WhiteElo "1787"]
[BlackElo "2235"]
[PlyCount "78"]

1. e4 d5 2. exd5 Nf6 3. d4 Bg4 4. Be2 Bxe2 5. Qxe2 Qxd5 6. Nf3 e6 7. O-O Bd6 8.
Nc3 Qh5 9. Qb5+ Nc6 10. Qxh5 Nxh5 11. Re1 O-O-O 12. Be3 Bb4 13. Rad1 Nf6 14.
Bg5 Rd7 15. Bxf6 gxf6 16. a3 Bxc3 17. bxc3 Ne7 18. c4 Rhd8 19. c3 c5 20. Re4
Ng6 21. Kf1 Rd6 22. h4 h5 23. g4 hxg4 24. Rxg4 Rh8 25. Ke2 Ra6 26. dxc5 Rxa3
27. c6 bxc6 28. c5 Rh5 29. Rb4 Rxc5 30. Nd4 Re5+ 31. Kf1 Rxc3 32. Rdb1 Rd5 33.
Rb8+ Kc7 34. R8b7+ Kd6 35. Ne2 Rh3 36. Kg2 Rxh4 37. Ng3 Nf4+ 38. Kg1 f5 39.
Rxa7 Rd2 0-1

[Event "9. Griesheimer Schachtage 2013"]
[Site "?"]
[Date "2013.??.??"]
[Round "1.3"]
[White "Leiter, Thomas"]
[Black "Hartmann, Marc H."]
[Result "1-0"]
[WhiteElo "2226"]
[BlackElo "1787"]
[PlyCount "129"]

1. e4 e5 2. Nf3 Nc6 3. Bb5 f5 4. Nc3 fxe4 5. Nxe4 d5 6. Nxe5 dxe4 7. Nxc6 Qg5
8. Qe2 Nf6 9. f4 Qxf4 10. Ne5+ c6 11. d4 Qh4+ 12. g3 Qh3 13. Bc4 Be6 14. Bf4
Be7 15. O-O-O O-O 16. Bxe6+ Qxe6 17. Kb1 Rad8 18. c4 Bd6 19. Rhf1 Bxe5 20. dxe5
Rxd1+ 21. Rxd1 Ng4 22. Re1 e3 23. Bxe3 Qf5+ 24. Qc2 Qxe5 25. Bd2 Qd4 26. h3 Rf2
27. Bc3 Rxc2 28. Bxd4 Rxc4 29. Bc3 Nf2 30. Re7 Nxh3 31. Rxg7+ Kf8 32. Rxh7 Ng5
33. Rxb7 Ne4 34. Bg7+ Ke8 35. b3 Rc5 36. Rxa7 Rg5 37. Kb2 Rxg3 38. Ka3 Nd6 39.
Kb4 Nb5 40. Rb7 Rg5 41. Bh8 Rh5 42. a4 Nd6 43. Rb8+ Kd7 44. Bc3 Kc7 45. Rh8 c5+
46. Ka5 Rf5 47. Ka6 Kc6 48. Rb8 Rh5 49. b4 cxb4 50. Bxb4 Kc7 51. Rg8 Rh6 52.
Ba5+ Kd7 53. Bb6 Rh7 54. Rg1 Rh8 55. Rg7+ Kc6 56. Rc7+ Kd5 57. Rc5+ Ke6 58. Ka7
Rh7+ 59. Bc7 Nc8+ 60. Kb7 Nd6+ 61. Kc6 Nc8 62. a5 Ne7+ 63. Kb7 Nd5 64. Rc6+ Kd7
65. Rd6+ 1-0

[Event "9. Griesheimer Schachtage 2013"]
[Site "?"]
[Date "2013.??.??"]
[Round "1.4"]
[White "Puzzo, Peter"]
[Black "Schmitt, Christian"]
[Result "0-1"]
[WhiteElo "1720"]
[BlackElo "2183"]
[PlyCount "48"]

1. e4 e6 2. d4 d5 3. Nc3 Nf6 4. e5 Nfd7 5. Nf3 c5 6. Be3 cxd4 7. Bxd4 Nc6 8.
Be2 Nxd4 9. Qxd4 Bc5 10. Qd2 O-O 11. O-O a6 12. Rae1 b5 13. Bd1 Qc7 14. Qg5 Nb6
15. b3 Bb4 16. Ne2 Bxe1 17. Rxe1 Qd8 18. Qg4 f6 19. Nf4 f5 20. Qg3 Qe7 21. Ng5
Bb7 22. h4 Rfe8 23. h5 h6 24. Ng6 Qxg5 0-1

[Event "9. Griesheimer Schachtage 2013"]
[Site "?"]
[Date "2013.??.??"]
[Round "1.5"]
[White "Rosenberger, Frank"]
[Black "Renger, Juergen"]
[Result "1-0"]
[WhiteElo "2143"]
[BlackElo "1618"]
[PlyCount "64"]

1. e4 e6 2. d4 d5 3. Nc3 Bb4 4. exd5 exd5 5. Bd3 Nc6 6. a3 Be7 7. Be3 Nf6 8. h3
Be6 9. Qf3 Qd7 10. Nge2 O-O-O 11. b4 h6 12. Ng3 g5 13. Nf5 Kb8 14. g4 Rhe8 15.
Kf1 Ng8 16. Ne2 Bf8 17. c3 Nce7 18. Neg3 Qa4 19. Qe2 Bd7 20. Kg2 Ng6 21. Qd2
Nf6 22. f3 Bxf5 23. Nxf5 Qd7 24. a4 Re6 25. h4 gxh4 26. Nxh4 Nxh4+ 27. Rxh4 Qe7
28. Bf2 Re8 29. Rhh1 Qd7 30. Bf5 Re2 31. Bxd7 Rxd2 32. Bxe8 Nxe8 1-0

[Event "9. Griesheimer Schachtage 2013"]
[Site "?"]
[Date "2013.??.??"]
[Round "1.6"]
[White "Urbach, Jens"]
[Black "Bahlke, Wolfgang"]
[Result "0-1"]
[WhiteElo "1606"]
[BlackElo "2141"]
[PlyCount "76"]

1. e4 c6 2. d3 d5 3. Nd2 e5 4. Ngf3 Bd6 5. g3 Nf6 6. Bg2 Bg4 7. O-O O-O 8. Re1
Nbd7 9. Nf1 d4 10. h3 Bxf3 11. Bxf3 Bb4 12. Bd2 Bxd2 13. Qxd2 Qe7 14. Nh2 b5
15. b4 a5 16. a3 axb4 17. axb4 Ra4 18. Reb1 Rfa8 19. Rxa4 bxa4 20. Ra1 a3 21.
c3 c5 22. b5 Nb6 23. c4 h5 24. Bd1 g6 25. Qg5 Kf8 26. Ra2 Qe6 27. Kg2 Nxe4 28.
dxe4 Qxc4 29. Qh6+ Ke7 30. Qg5+ f6 31. Qxg6 Qxa2 32. Qh7+ Qf7 33. Qxf7+ Kxf7
34. Bb3+ Ke7 35. Ba2 Na4 36. Nf3 Nc3 37. Bc4 a2 38. Bxa2 Rxa2 0-1

[Event "9. Griesheimer Schachtage 2013"]
[Site "?"]
[Date "2013.??.??"]
[Round "1.7"]
[White "Sarkoezy, Benjamin"]
[Black "Bejan, Viorel"]
[Result "1-0"]
[WhiteElo "2136"]
[BlackElo "1605"]
[PlyCount "65"]

1. e4 c6 2. d4 d5 3. exd5 Qxd5 4. Nc3 Qa5 5. Nf3 Nf6 6. Ne5 Nbd7 7. Nc4 Qc7 8.
Qf3 Nb6 9. h3 Be6 10. Bf4 Qd7 11. Ne5 Qc8 12. O-O-O g6 13. Kb1 Bg7 14. Bh2 Nfd5
15. Ne4 Nf6 16. Nc5 Bd5 17. Qe3 h5 18. Rg1 Be6 19. c4 Bf5+ 20. Ka1 Bh6 21. f4
Bc2 22. Re1 Qc7 23. Qc3 Bf5 24. g4 hxg4 25. hxg4 Bg7 26. Bh3 Be6 27. Nxe6 fxe6
28. Nxg6 Na4 29. Qa3 Rxh3 30. Qxh3 Nxg4 31. Rxe6 Qb6 32. Rxe7+ Kd8 33. Qb3 1-0

[Event "9. Griesheimer Schachtage 2013"]
[Site "?"]
[Date "2013.??.??"]
[Round "1.8"]
[White "Bethke, Richard"]
[Black "Roediger, Thomas"]
[Result "1/2-1/2"]
[WhiteElo "1604"]
[BlackElo "2100"]
[PlyCount "55"]

1. c4 Nf6 2. d4 e6 3. Nc3 d5 4. Bf4 c6 5. e3 Qa5 6. c5 b6 7. Qa4 Qxa4 8. Nxa4
Nbd7 9. b4 a5 10. bxa5 bxc5 11. Nb6 Nxb6 12. axb6 cxd4 13. exd4 Bb4+ 14. Kd1
Ne4 15. Nh3 O-O 16. f3 Nc3+ 17. Kc2 Bb7 18. Kb3 Ba5 19. Rc1 Rfc8 20. Rxc3 Bxc3
21. Kxc3 c5 22. Bc7 c4 23. Kb2 Ra5 24. Be2 Rca8 25. Ra1 Rb5+ 26. Kc3 Ra3+ 27.
Kc2 Rba5 28. Kb2 1/2-1/2

[Event "9. Griesheimer Schachtage 2013"]
[Site "?"]
[Date "2013.??.??"]
[Round "1.9"]
[White "Tierling, Detlef"]
[Black "Berger, Achim"]
[Result "1-0"]
[WhiteElo "2033"]
[BlackElo "1587"]
[PlyCount "119"]

1. d4 Nf6 2. c4 g6 3. Nc3 Bg7 4. e4 d6 5. Be3 O-O 6. f3 Nbd7 7. Bd3 e5 8. d5 a5
9. Nge2 b6 10. h4 Nc5 11. Bc2 Nh5 12. g4 Nf4 13. Nxf4 exf4 14. Bd4 Bd7 15. Bxg7
Kxg7 16. Qd2 Qe7 17. O-O-O Qe5 18. Kb1 f6 19. Ne2 g5 20. Qd4 a4 21. hxg5 fxg5
22. Rh5 h6 23. Qc3 a3 24. b3 Rae8 25. Qxe5+ Rxe5 26. Nd4 Na6 27. Bd3 Nb4 28.
Nc2 Nxc2 29. Kxc2 Ree8 30. Kc3 Ra8 31. Kd4 Rae8 32. Rdh1 Rh8 33. b4 Ba4 34. b5
Ra8 35. Rc1 Rhe8 36. Rhh1 Rf8 37. Rc3 Rfe8 38. Rxa3 Ra5 39. Rc1 Rh8 40. Bc2
Bxc2 41. Rxa5 bxa5 42. Rxc2 h5 43. gxh5 Rxh5 44. c5 Rh8 45. cxd6 cxd6 46. a4
Kf6 47. Rc6 Ke7 48. e5 dxe5+ 49. Kxe5 Rh1 50. d6+ Kd7 51. Rc7+ Kd8 52. Rg7 Re1+
53. Kd5 Rd1+ 54. Kc6 Rc1+ 55. Kb6 g4 56. Rxg4 Kd7 57. Rxf4 Kxd6 58. Rd4+ Ke5
59. Rd3 Kf4 60. Kxa5 1-0

[Event "9. Griesheimer Schachtage 2013"]
[Site "?"]
[Date "2013.??.??"]
[Round "1.10"]
[White "Saluvar, Buelent"]
[Black "Daechert, Peter"]
[Result "0-1"]
[WhiteElo "1555"]
[BlackElo "2031"]
[PlyCount "84"]

1. d4 f5 2. Nf3 Nf6 3. Nc3 b6 4. Bf4 Bb7 5. e3 e6 6. a3 Be7 7. Be2 O-O 8. O-O
Ne4 9. h3 a6 10. Qe1 d6 11. Nd1 Bf6 12. Rc1 Nd7 13. c4 e5 14. Bh2 Qe8 15. Nd2
exd4 16. Nxe4 Bxe4 17. exd4 Qg6 18. f3 Bxd4+ 19. Kh1 Bb7 20. Qd2 Be5 21. Ne3
Qh6 22. Rcd1 Rae8 23. Bxe5 Rxe5 24. Nd5 Qxd2 25. Rxd2 Bxd5 26. cxd5 a5 27. Bd3
f4 28. Kg1 Nc5 29. Bc2 Rfe8 30. Rff2 Re1+ 31. Kh2 R8e5 32. b4 axb4 33. axb4 Na6
34. Be4 Nxb4 35. Rd4 Na6 36. Ra2 Nc5 37. Ra8+ Kf7 38. Bxh7 g5 39. Bg8+ Kg7 40.
Be6 Nxe6 41. dxe6 Rxe6 42. Rc4 c5 0-1

[Event "9. Griesheimer Schachtage 2013"]
[Site "?"]
[Date "2013.??.??"]
[Round "1.11"]
[White "Fichtner, Ewald"]
[Black "Glende, Dirk"]
[Result "1-0"]
[WhiteElo "2026"]
[BlackElo "1545"]
[PlyCount "43"]

1. d4 d5 2. c4 c6 3. Nf3 Nf6 4. Qc2 g6 5. g3 Bg7 6. Bg2 dxc4 7. Qxc4 O-O 8. O-O
Nbd7 9. Nbd2 h6 10. b3 Nb6 11. Qc2 Bd7 12. Bb2 Rc8 13. Rac1 Kh7 14. Ne5 Be6 15.
e4 Nbd7 16. Nd3 Ng8 17. Nf4 Qb6 18. Nxe6 fxe6 19. Bh3 Bxd4 20. Nc4 Qc5 21. Bxd4
Qxd4 22. Rcd1 1-0

[Event "9. Griesheimer Schachtage 2013"]
[Site "?"]
[Date "2013.??.??"]
[Round "1.12"]
[White "Fuchs, Andreas"]
[Black "Hoeck, Raimund"]
[Result "0-1"]
[WhiteElo "1515"]
[BlackElo "2004"]
[PlyCount "102"]

1. f4 f5 2. g3 g6 3. Bg2 Bg7 4. Nf3 Nh6 5. O-O O-O 6. d4 Nf7 7. Nbd2 d5 8. Ne5
Nxe5 9. dxe5 c6 10. Kh1 Na6 11. b3 Nc5 12. Ba3 Ne4 13. Nxe4 fxe4 14. c4 Re8 15.
cxd5 cxd5 16. Qd4 Be6 17. Rfd1 Qa5 18. Qb4 Qxb4 19. Bxb4 Bf8 20. Rdc1 Rec8 21.
Ba3 Kf7 22. Rxc8 Rxc8 23. Rc1 Rxc1+ 24. Bxc1 Ke8 25. Be3 a6 26. Bd4 Kd7 27. e3
Kc6 28. Bf1 Bg4 29. Kg1 e6 30. Kf2 Bc5 31. Bc3 Bf3 32. Bh3 Kd7 33. g4 h5 34. g5
Bd1 35. Bf1 Bc2 36. Be2 Bb1 37. a4 Bc2 38. b4 Ba7 39. b5 Bxa4 40. bxa6 b5 41.
Ba5 Bc5 42. Bd2 Kc8 43. Kg3 b4 44. Kh4 b3 45. Bc1 Bxe3 46. Bxe3 b2 47. a7 Kb7
48. Ba6+ Ka8 49. Bc8 b1=Q 50. Bxe6 Qe1+ 51. Kh3 Qxe3+ 0-1

[Event "9. Griesheimer Schachtage 2013"]
[Site "?"]
[Date "2013.??.??"]
[Round "1.13"]
[White "Neuner, Johannes"]
[Black "Lehmann, Gerit"]
[Result "1-0"]
[WhiteElo "2004"]
[BlackElo "1491"]
[PlyCount "75"]

{16384kB. PentiumII
} 1. d4 d5 2. c4 e6 3. Nf3 Nf6 4. g3 c6 5. Bg2 h6 6. O-O
Be7 7. Qc2 Nbd7 8. Nbd2 O-O 9. e4 dxe4 10. Nxe4 Nxe4 11. Qxe4 Nf6 12. Qc2 Qc7
13. Bf4 Bd6 14. Bxd6 Qxd6 15. c5 Qc7 16. Ne5 Nd7 17. Nc4 e5 18. dxe5 Nxe5 19.
Nd6 Be6 20. Rfe1 Nd7 21. Rad1 Rab8 22. b4 a5 23. a3 axb4 24. axb4 Nf6 25. b5
cxb5 26. Nxb5 Qc8 27. Nd6 Qc7 28. Qc3 Rfd8 29. Qb4 b6 30. c6 Qe7 31. Qf4 Qc7
32. Nb5 Qxf4 33. gxf4 Rxd1 34. Rxd1 Kh7 35. c7 Rg8 36. Rd8 Nh5 37. f5 Bxf5 38.
Be4 1-0

[Event "9. Griesheimer Schachtage 2013"]
[Site "?"]
[Date "2013.??.??"]
[Round "1.14"]
[White "Gloeckner, Hank"]
[Black "Ehmsen, Eckard"]
[Result "1/2-1/2"]
[WhiteElo "1450"]
[BlackElo "1979"]
[PlyCount "87"]

1. Nc3 Nf6 2. e3 b6 3. Qf3 c6 4. d4 d5 5. h3 g6 6. g4 h6 7. Bd3 Bg7 8. Bd2 Nbd7
9. O-O-O e5 10. Qg3 e4 11. Bf1 O-O 12. f4 Qc7 13. h4 h5 14. Be2 hxg4 15. Bxg4
Nxg4 16. Qxg4 Nf6 17. Qg2 Qd7 18. Nge2 Qg4 19. Rdg1 Qxg2 20. Rxg2 Bg4 21. Rhg1
Bf3 22. Rg3 Nh5 23. Rh3 Rad8 24. Ng3 f5 25. Nce2 Kf7 26. Nxh5 Bxh5 27. Ng3 Bg4
28. Rh2 Rh8 29. Nh1 Bf6 30. Be1 Rh7 31. Nf2 Bh5 32. Nh3 Ke7 33. Ng5 Rg7 34.
Bb4+ Kd7 35. b3 Rc8 36. Rd2 Bd8 37. Kb2 a5 38. Ba3 b5 39. Bc5 Be7 40. Bxe7 Kxe7
41. Rc1 Kd6 42. a3 Ra7 43. c3 Bg4 44. Ka2 1/2-1/2

[Event "9. Griesheimer Schachtage 2013"]
[Site "?"]
[Date "2013.??.??"]
[Round "1.15"]
[White "Dankesreiter, Arne"]
[Black "Peteani, Damien"]
[Result "1-0"]
[WhiteElo "1971"]
[BlackElo "1438"]
[PlyCount "61"]

1. e4 e6 2. d4 d5 3. Nd2 Nf6 4. e5 Nfd7 5. Bd3 c5 6. c3 Nc6 7. Ne2 Be7 8. O-O
O-O 9. f4 f6 10. Nf3 cxd4 11. cxd4 Nb6 12. Kh1 Bd7 13. Be3 Nb4 14. Nc3 Nxd3 15.
Qxd3 f5 16. Rg1 Be8 17. Rac1 a6 18. Rc2 Nc4 19. Nd2 b5 20. Nxc4 bxc4 21. Qd2
Rb8 22. Qf2 a5 23. Bc1 Bh5 24. h3 Qe8 25. Rd2 g5 26. fxg5 Bxg5 27. Qg3 Qg6 28.
Rf2 f4 29. Qh2 f3 30. g4 Bxg4 31. Rxg4 1-0

[Event "9. Griesheimer Schachtage 2013"]
[Site "?"]
[Date "2013.??.??"]
[Round "1.16"]
[White "Sljivac, Zeljko-Mario"]
[Black "Gutacker, Stephan"]
[Result "0-1"]
[WhiteElo "1426"]
[BlackElo "1965"]
[PlyCount "48"]

1. e4 e5 2. Nf3 Nc6 3. d4 exd4 4. Nxd4 Bc5 5. Be3 Qf6 6. c3 Nge7 7. Qd3 O-O 8.
Nxc6 Qxc6 9. Bxc5 Qxc5 10. Be2 d6 11. O-O Ng6 12. Qd4 Qg5 13. Re1 f5 14. Qc4+
Kh8 15. exf5 Bxf5 16. Qxc7 Nf4 17. Bf1 Nh3+ 18. Kh1 Nxf2+ 19. Kg1 Be4 20. g3
Rad8 21. Qc4 Bc6 22. Na3 Qf5 23. Qe2 Rde8 24. g4 Qd5 0-1

[Event "9. Griesheimer Schachtage 2013"]
[Site "?"]
[Date "2013.??.??"]
[Round "1.17"]
[White "Hornung, Thomas"]
[Black "Felde, Philipp"]
[Result "1-0"]
[WhiteElo "1946"]
[BlackElo "1420"]
[PlyCount "107"]

1. d4 Nf6 2. c4 e6 3. Nc3 Bb4 4. e3 d5 5. Bd3 c5 6. a3 cxd4 7. axb4 dxc3 8.
bxc3 dxc4 9. Bxc4 Qxd1+ 10. Kxd1 Ne4 11. Ke1 O-O 12. Ne2 Bd7 13. f3 Nf6 14. Kf2
Nc6 15. Rd1 Rfd8 16. e4 h6 17. Bb3 a6 18. Be3 Be8 19. Nf4 Rac8 20. Nd3 Nd7 21.
f4 Nf6 22. Kf3 Ne7 23. Bb6 Rxd3+ 24. Rxd3 Bc6 25. Re1 Nf5 26. Rd8+ Rxd8 27.
Bxd8 Nxe4 28. Ke2 Nxc3+ 29. Kd3 Nd5 30. Bxd5 Bxd5 31. g4 Nd6 32. Kd4 g6 33. Bf6
Nb5+ 34. Kc5 Na7 35. h4 Bf3 36. Rg1 Bd5 37. h5 Nc8 38. Rg3 b6+ 39. Kd4 Nd6 40.
Rg1 b5 41. Ra1 Bb7 42. Be5 Nc4 43. Kc5 Nxe5 44. fxe5 Bd5 45. Rg1 g5 46. Kb6 Bc4
47. Kxa6 Be2 48. Kb6 Kf8 49. Kc5 Ke7 50. Rg2 Bd3 51. Rf2 f5 52. exf6+ Kf7 53.
Kd6 Bc4 54. Ke5 1-0

[Event "9. Griesheimer Schachtage 2013"]
[Site "?"]
[Date "2013.??.??"]
[Round "1.18"]
[White "Troeger, Beate"]
[Black "Schmitt, Roland"]
[Result "0-1"]
[WhiteElo "1354"]
[BlackElo "1934"]
[PlyCount "52"]

1. f4 e5 2. fxe5 d6 3. exd6 Bxd6 4. Nf3 g5 5. g3 g4 6. Nh4 Ne7 7. Ng2 Ng6 8. d4
h5 9. Qd3 Nc6 10. Nd2 Nxd4 11. Qe4+ Kf8 12. Ne3 Bd7 13. Qxd4 Bc6 14. Nf5 Bxh1
15. Qg7+ Ke8 16. Nxd6+ Qxd6 17. Nb3 Rd8 18. Bf4 Qd5 19. Nd2 Kd7 20. O-O-O Kc8
21. Kb1 Nxf4 22. gxf4 Qa5 23. h3 g3 24. e3 Bf3 25. Rc1 Qxd2 26. Bd3 g2 0-1

[Event "9. Griesheimer Schachtage 2013"]
[Site "?"]
[Date "2013.??.??"]
[Round "1.19"]
[White "Pabel, Ralph"]
[Black "Breining, Anton"]
[Result "1-0"]
[WhiteElo "1927"]
[BlackElo "1342"]
[PlyCount "61"]

1. d4 Nf6 2. c4 e6 3. a3 d5 4. Nc3 c6 5. Bg5 Nbd7 6. f3 g6 7. e4 Be7 8. e5 Nh5
9. Be3 Bg5 10. Bf2 O-O 11. g4 Ng7 12. h4 Be7 13. g5 Nh5 14. Qd2 b6 15. f4 c5
16. cxd5 exd5 17. Nxd5 cxd4 18. Bxd4 Bc5 19. Bg2 Rb8 20. b4 Bxd4 21. Qxd4 Ng7
22. Rd1 Bb7 23. Ne2 Re8 24. Qc4 Qc8 25. Qb3 Re6 26. Bh3 Nf5 27. h5 Kg7 28. hxg6
fxg6 29. Bxf5 gxf5 30. Nf6 Bxh1 31. Rxd7+ 1-0

[Event "9. Griesheimer Schachtage 2013"]
[Site "?"]
[Date "2013.??.??"]
[Round "1.20"]
[White "Boehm, Horst"]
[Black "Dr. Launert, Martin"]
[Result "0-1"]
[WhiteElo "1276"]
[BlackElo "1887"]
[PlyCount "70"]

1. e4 e5 2. Nf3 Nc6 3. Bc4 Bc5 4. c3 Nf6 5. d3 O-O 6. Bg5 d6 7. a4 a6 8. h3 Be6
9. Nbd2 Qe7 10. b4 Ba7 11. O-O h6 12. Be3 Bxc4 13. Nxc4 d5 14. exd5 Nxd5 15.
Bxa7 Rxa7 16. Qc2 f6 17. Rfe1 Qf7 18. b5 Nce7 19. d4 Nf4 20. Ncd2 exd4 21. Nxd4
Neg6 22. Nf5 Ne5 23. Ne4 Raa8 24. Nc5 axb5 25. axb5 Rxa1 26. Rxa1 Re8 27. Nd4
Qd5 28. Qb3 Nc4 29. Ne4 Rxe4 30. Ra8+ Kf7 31. f3 Re8 32. Ra1 Ne2+ 33. Kf2 Nxd4
34. cxd4 Qxd4+ 35. Kg3 Qe5+ 0-1

[Event "9. Griesheimer Schachtage 2013"]
[Site "?"]
[Date "2013.??.??"]
[Round "1.21"]
[White "Mager, Thomas"]
[Black "Henkelmann, Frank"]
[Result "1-0"]
[WhiteElo "1878"]
[BlackElo "1251"]
[PlyCount "35"]

1. d4 e5 2. dxe5 Nc6 3. Nf3 d6 4. Bg5 Be7 5. Bxe7 Ngxe7 6. exd6 Qxd6 7. Qxd6
cxd6 8. Nc3 Be6 9. O-O-O Rc8 10. Rxd6 Nf5 11. Rd1 Nb4 12. e4 Ne7 13. Bb5+ Kf8
14. Bd7 Rxc3 15. bxc3 Nxa2+ 16. Kb2 Bc4 17. Ne5 Be2 18. Rd2 1-0

[Event "9. Griesheimer Schachtage 2013"]
[Site "?"]
[Date "2013.??.??"]
[Round "1.22"]
[White "Viol, Julius"]
[Black "Haas, Vanessa"]
[Result "0-1"]
[WhiteElo "1233"]
[BlackElo "1828"]
[PlyCount "104"]

1. Nf3 Nf6 2. d4 e6 3. Nc3 Bb4 4. Bd2 d5 5. g3 O-O 6. Bg2 Nbd7 7. a3 Bxc3 8.
Bxc3 b6 9. O-O c5 10. h3 Bb7 11. e3 Rc8 12. Rc1 Ne4 13. Bd2 Ndf6 14. Qe2 Rc7
15. Qd1 Qd7 16. c3 Bc6 17. Ne5 Qd6 18. Nxc6 Rxc6 19. Rc2 c4 20. f4 Nxg3 21. Rf3
Nf5 22. Qe2 Qe7 23. Be1 a5 24. Rf1 b5 25. Rf3 Ne4 26. Rc1 Rb8 27. Rc2 Rcb6 28.
Qd1 Nh4 29. Rf1 Nf5 30. Rf3 Ned6 31. Re2 Nc8 32. Qc2 Na7 33. Qc1 Nc6 34. Rc2 b4
35. axb4 axb4 36. Qa1 bxc3 37. Bxc3 Nb4 38. Be1 Nxc2 39. Qd1 Nxe1 40. Qxe1 Rxb2
41. Kh2 Nh4 42. Rg3 Nxg2 43. Rxg2 Rxg2+ 44. Kxg2 Qb4 45. Qe2 c3 46. Qd1 Qb2+
47. Kg3 c2 48. Qxc2 Qxc2 49. Kg4 Qg2+ 50. Kh4 Rb1 51. f5 Rg1 52. e4 Qg5# 0-1

[Event "9. Griesheimer Schachtage 2013"]
[Site "?"]
[Date "2013.??.??"]
[Round "1.23"]
[White "Auschkalnis, Reinhard"]
[Black "Winter, Thomas"]
[Result "1-0"]
[WhiteElo "1807"]
[BlackElo "1093"]
[PlyCount "87"]

1. f4 d5 2. Nf3 Nf6 3. e3 Nc6 4. Bb5 Bd7 5. b3 a6 6. Be2 e6 7. Bb2 Bc5 8. O-O
O-O 9. d4 Ba7 10. Nbd2 Ne7 11. Bd3 Bb5 12. c4 dxc4 13. bxc4 Bd7 14. Ne5 c5 15.
Nb3 cxd4 16. Bxd4 Bxd4 17. exd4 Ba4 18. Qd2 b6 19. Kh1 Kh8 20. Qe3 Qd6 21. Nd2
Ne8 22. Ne4 Qc7 23. Ng5 Nf5 24. Qh3 Nf6 25. Bxf5 exf5 26. Qxf5 h6 27. Ngf3 Rad8
28. d5 Kg8 29. Rac1 Ne8 30. Qb1 Nd6 31. Qb4 Be8 32. c5 bxc5 33. Rxc5 Qb7 34.
Rb1 Nb5 35. a4 Rxd5 36. axb5 axb5 37. Nd4 f6 38. Nec6 Qd7 39. Ne7+ Qxe7 40.
Rxd5 Qe4 41. Nc6 Qe6 42. Rd6 Qe2 43. Qxb5 Bg6 44. Qxe2 1-0

[Event "9. Griesheimer Schachtage 2013"]
[Site "?"]
[Date "2013.??.??"]
[Round "2.1"]
[White "Neuner, Johannes"]
[Black "Walter, Stefan"]
[Result "0-1"]
[WhiteElo "2004"]
[BlackElo "2330"]
[PlyCount "50"]

{16384kB. PentiumII
} 1. d4 Nf6 2. c4 e6 3. g3 d5 4. Nf3 Be7 5. Bg2 O-O 6. O-O
dxc4 7. Ne5 Nc6 8. Bxc6 bxc6 9. Nxc4 Qd5 10. b3 Rd8 11. e3 c5 12. Nc3 Qf5 13.
Ba3 Bf8 14. Rc1 Bb7 15. f3 cxd4 16. exd4 Bxa3 17. Nxa3 c5 18. d5 Nxd5 19. Nxd5
Rxd5 20. Qc2 Qh5 21. Qf2 Rad8 22. Rc2 Ba6 23. Rfc1 Rd1+ 24. Kg2 Bf1+ 25. Qxf1
R8d2+ 0-1

[Event "9. Griesheimer Schachtage 2013"]
[Site "?"]
[Date "2013.??.??"]
[Round "2.2"]
[White "Gramlich, Sebastian"]
[Black "Dankesreiter, Arne"]
[Result "1-0"]
[WhiteElo "2235"]
[BlackElo "1971"]
[PlyCount "43"]

1. d4 Nf6 2. Bg5 g6 3. Bxf6 exf6 4. e3 Bg7 5. Ne2 f5 6. Nf4 d6 7. h4 Nd7 8. h5
Nf6 9. Nd2 Bd7 10. c3 Qe7 11. Qb3 O-O-O 12. Nc4 Be6 13. Qa4 Bxc4 14. Bxc4 d5
15. Be2 Kb8 16. Nd3 Ne4 17. Nb4 f4 18. Nc6+ bxc6 19. Ba6 Nd6 20. Qb4+ Ka8 21.
Bb7+ Nxb7 22. Qxe7 1-0

[Event "9. Griesheimer Schachtage 2013"]
[Site "?"]
[Date "2013.??.??"]
[Round "2.3"]
[White "Gutacker, Stephan"]
[Black "Leiter, Thomas"]
[Result "1/2-1/2"]
[WhiteElo "1965"]
[BlackElo "2226"]
[PlyCount "115"]

1. e4 c5 2. c3 Nf6 3. e5 Nd5 4. d4 cxd4 5. cxd4 d6 6. Nf3 Nc6 7. Bc4 e6 8. O-O
Be7 9. Bxd5 exd5 10. Nc3 Be6 11. Bf4 dxe5 12. Nxe5 Nxe5 13. Bxe5 O-O 14. Nb5
Qd7 15. Qb3 f6 16. Bg3 Rfc8 17. Rac1 Bd8 18. Rxc8 Rxc8 19. Nxa7 Rc4 20. Nb5 Be7
21. a3 Bf7 22. Re1 Bf8 23. Rd1 Qe6 24. Nc3 Rxd4 25. h3 Rxd1+ 26. Qxd1 Qc6 27.
Qa4 Qxa4 28. Nxa4 d4 29. Kf1 Bb3 30. Nb6 Kf7 31. Ke2 Ke6 32. Kd3 Bc5 33. Nc4
Kd5 34. Na5 Ba4 35. Nxb7 Bb5+ 36. Kd2 Be7 37. Na5 Bf1 38. Nb3 Bxg2 39. h4 Bf1
40. Nc1 Ke4 41. Ne2 g5 42. b4 f5 43. Bc7 gxh4 44. b5 Bxa3 45. b6 Bb4+ 46. Kd1
d3 47. Nc1 Ba5 48. Nb3 Be2+ 49. Kc1 Bxb6 50. Nd2+ Kd5 51. Bxb6 Ke5 52. Bc7+ Kf6
53. Bf4 Kg6 54. Nb3 Kh5 55. Kd2 Kg4 56. Ke3 Bf1 57. f3+ Kh5 58. Kf2 1/2-1/2

[Event "9. Griesheimer Schachtage 2013"]
[Site "?"]
[Date "2013.??.??"]
[Round "2.4"]
[White "Schmitt, Christian"]
[Black "Hornung, Thomas"]
[Result "0-1"]
[WhiteElo "2183"]
[BlackElo "1946"]
[PlyCount "100"]

1. e4 d6 2. d4 Nf6 3. Nc3 g6 4. Bg5 Bg7 5. Qd2 h6 6. Bh4 O-O 7. f4 a6 8. Nf3 b5
9. Bd3 Nfd7 10. a4 bxa4 11. Nd5 Re8 12. Qa5 Nb6 13. Nxb6 cxb6 14. Qxa4 Bb7 15.
O-O b5 16. Qa3 Qc7 17. c3 Nd7 18. e5 dxe5 19. fxe5 e6 20. Rae1 Nb6 21. Nd2 Nc4
22. Bxc4 bxc4 23. Ne4 Bxe4 24. Rxe4 Qc6 25. Re2 a5 26. Ref2 Ra7 27. Qa1 Rb8 28.
Qc1 a4 29. Bf6 Bxf6 30. exf6 Kh7 31. Rf4 g5 32. Rg4 Rg8 33. Qc2+ Kh8 34. h4 Ra5
35. Rf3 h5 36. Rxg5 Raxg5 37. hxg5 Rxg5 38. Qf2 Qe4 39. Re3 Rxg2+ 40. Qxg2
Qxe3+ 41. Kh1 Qc1+ 42. Kh2 Qf4+ 43. Kh1 Qxf6 44. Qa8+ Kg7 45. Qxa4 Qf1+ 46. Kh2
h4 47. Qb5 Qf4+ 48. Kh1 Qf3+ 49. Kg1 Qg3+ 50. Kh1 h3 0-1

[Event "9. Griesheimer Schachtage 2013"]
[Site "?"]
[Date "2013.??.??"]
[Round "2.5"]
[White "Schmitt, Roland"]
[Black "Rosenberger, Frank"]
[Result "0-1"]
[WhiteElo "1934"]
[BlackElo "2143"]
[PlyCount "82"]

1. d4 d5 2. c4 e6 3. Nc3 c6 4. Nf3 Nf6 5. Bg5 h6 6. Bh4 dxc4 7. e4 g5 8. Bg3 b5
9. h4 g4 10. Ne5 h5 11. Be2 b4 12. Na4 Nxe4 13. O-O Be7 14. Bxg4 hxg4 15. Qxg4
Qd5 16. Rae1 Nf6 17. Qf4 Nbd7 18. Nc5 Nxc5 19. dxc5 Qxc5 20. Rd1 Rf8 21. Qf3
Nd5 22. h5 Ba6 23. Rfe1 Bb5 24. h6 O-O-O 25. Nxf7 Kb7 26. Nxd8+ Bxd8 27. Qg4
Bf6 28. Rxe6 Bxb2 29. h7 Ba4 30. Rb1 Bc3 31. Qg8 Bc2 32. Rbe1 Bxh7 33. Qxh7+
Ka6 34. Qd7 Kb5 35. Bd6 Qxf2+ 36. Kh1 Rh8+ 37. Bh2 Rxh2+ 38. Kxh2 Qh4+ 39. Kg1
Bd4+ 40. R1e3 Bxe3+ 41. Rxe3 Nxe3 0-1

[Event "9. Griesheimer Schachtage 2013"]
[Site "?"]
[Date "2013.??.??"]
[Round "2.6"]
[White "Bahlke, Wolfgang"]
[Black "Pabel, Ralph"]
[Result "1-0"]
[WhiteElo "2141"]
[BlackElo "1927"]
[PlyCount "45"]

1. d4 d5 2. Nf3 Nf6 3. e3 c5 4. c3 Bg4 5. Nbd2 e6 6. Qa4+ Nbd7 7. Ne5 h5 8. e4
h4 9. Bd3 c4 10. Bb1 a6 11. Nxg4 Nxg4 12. h3 b5 13. Qd1 Ngf6 14. e5 Ng8 15. O-O
Ne7 16. Qg4 Qb6 17. Nf3 f5 18. exf6 Nxf6 19. Bg6+ Kd8 20. Qg5 Ra7 21. Ne5 Nxg6
22. Qxg6 Qb7 23. Bg5 1-0